000 01000nam a2200253 a 4500
001 BRL_700
005 20190320210847.0
008 071016s2010----mx-a######---#000-0#spa-#
020 _a9786074553970
041 _aspa
044 _amx
050 4 _aNK844
_b.I43 2010
245 1 0 _aImágenes para una historia
_bestampas de lo popular mexicano : Ciudad de México, 2010.
260 _aMéxico
_bCONACULTA, Dirección General de Culturas Populares
_c2010
300 _a119 p.
_bil. (algunas a color)
_c25 cm.
440 0 _aMemoria histórica
_924317
500 _aIncluye índice de obra
500 _aCatálogo de la exposición realizada en el Museo Nacional de Culturas Populares (Ciudad de México), 2010
650 1 4 _aArte popular
_vExposiciones
_zMéxico
_91706
650 1 4 _aPatriotismo en el arte
_vExposiciones
_924681
651 4 _aMéxico
_vExposiciones
_xCaracterísticas nacionales, en el arte
_924682
710 2 _aMuseo Nacional de Culturas Populares (México)
_923224
942 _2lcc
_cB
999 _c9512
_d9512